Évenements par président - click quiz - Statistiques

Statistiques générales
  • Ce quiz a été pris 40 fois
  • Le résultat moyen est 8 sur 25
Statistiques - réponses
Hint Réponse % Correct
Pandémie de Covid-19 Emmanuel Macron
89%
Fin de la guerre d'Algérie Charles de Gaulle
77%
Légalisation du mariage gay François Hollande
66%
Chute de l'URSS François Mitterand
66%
Intervention de Libye Nicolas Sarkozy
54%
Légalisation de l'avortement Valéry Giscard d'Estaing
54%
Coup d’État du 2 décembre 1851 Louis-Napoléon Bonaparte
51%
Premier choc pétrolier Georges Pompidou
43%
Loi des 35 heures Jacques Chirac
37%
Première guerre mondiale Raymond Poincaré
34%
Déclenchement de la seconde guerre mondiale Albert Lebrun
31%
Fin de la guerre d'Indochine René Coty
26%
Séparation de l'Église et de l'État Émile Loubet
20%
Sommet de l'affaire Dreyfus, publication de "J'accuse...!" Félix Faure
20%
Scandale des décorations Jules Grévy
17%
Inauguration de la tour Eiffel Sadi Carnot
17%
Évacuation des troupes allemandes du territoire Adolphe Thiers
14%
Exclusion des ministres communistes du gouvernement Vincent Auriol
14%
Naufrage du Titanic Armand Fallières
11%
Occupation de la Ruhr Alexandre Millerand
9%
Deuxième organisation parisienne des JO Gaston Doumergue
9%
Dernière des "lois scélérates" sur l'anarchisme Jean
Casimir-Perier
9%
Crise du 16 mai Patrice de Mac Mahon
9%
Canonisation de Jeanne d'Arc Paul Deschanel
6%
Exposition coloniale internationale Paul Doumer
3%
Aucun quiz correspondant
Distribution des résultats
% des personnes avec chaque résultat
Percentile par nombre de réponses
Votre historique - résultats
Vous n’avez pas pris ce quiz